| 000 | 00778cam a2200265 a 4500 | ||
|---|---|---|---|
| 001 | 16741426 | ||
| 005 | 20171222080357.0 | ||
| 008 | 110419s2012 maua f 001 0 eng | ||
| 010 | _a 2011927767 | ||
| 020 | _a9780312668907 (student ed. : alk. paper) | ||
| 020 | _a9781457602351 (alk. paper) | ||
| 040 |
_aDLC _cDLC _dDLC |
||
| 041 | _aeng | ||
| 042 | _apcc | ||
| 080 | _a808.042 AXE | ||
| 082 | 0 | 0 |
_a808.042 AXE _223 |
| 100 | 1 | _a46 | |
| 101 | _aEDU | ||
| 240 | 1 | 0 | _aConcise guide to writing |
| 245 | 1 | 0 |
_aAxelrod and Cooper's concise guide to writing / _cRise B. Axelrod, Charles R. Cooper. |
| 246 | 3 | 0 | _aConcise guide to writing |
| 906 |
_a7 _bcbc _corignew _d3 _eepcn _f20 _gy-gencatlg |
||
| 942 |
_2ddc _cBK |
||
| 999 |
_c39347 _d39347 |
||